Go, Trabi, go : I + II /

Bibliographic Details
Corporate Authors: Bavaria Film International (Firm), Euro Video Bildprogramm (Firm)
Other Authors: Stumph, Wolfgang, Gruber, Marie, Schmutzler, Claudia, Fischer, Ottfried
Format: Book
Language:German
Language Notes:In German.
Published: [Place of publication not identified] : Eurovideo : Bavaria Film, [1994]
Subjects:

MARC

Tag First Indicator Second Indicator Subfields
LEADER 00000cgm a2200000Ma 4500
001 in00002588421
005 20151201114742.0
008 050919s2004 gw 190 vnger d
024 1 |a 4009750222225 
028 4 2 |a 22 222  |b EuroVideo 
029 1 |a NZ1  |b 12705091 
035 |a (OCoLC)ocm63180893 
035 |a (OCoLC)63180893 
040 |a HLS  |c HLS  |d MAC  |d UtOrBLW 
049 |a TXAM 
090 |a PN1995.9.F67  |b G63 2004 
245 0 0 |a Go, Trabi, go :  |b I + II /  |c Bavaria Film. 
264 1 |a [Place of publication not identified] :  |b Eurovideo :  |b Bavaria Film,  |c [1994] 
300 |a 2 videodiscs (200 min.) ;  |c 4 3/4 in. 
336 |a two-dimensional moving image  |b tdi  |2 rdacontent 
337 |a video  |b v  |2 rdamedia 
338 |a videodisc  |b vd  |2 rdacarrier 
538 |a DVD; Region code 2. 
546 |a In German. 
500 |a Title from container. 
511 1 |a Wolfgang Stumph, Marie Gruber, Claudia Schmutzler, Ottfried Fischer. 
500 |a Originally released in 1990 and 1992. 
505 0 |a Go Trabi go I : die Sachsen kommen (92 min.) -- Go Trabi go II : das war der wilde Osten (98 min.). 
500 |a Videorecording. 
655 7 |a Foreign films.  |2 local 
655 7 |a Motion pictures, German.  |2 local 
655 7 |a Comedy films.  |2 lcgft 
655 7 |a Feature films.  |2 lcgft 
700 1 |a Stumph, Wolfgang. 
700 1 |a Gruber, Marie. 
700 1 |a Schmutzler, Claudia. 
700 1 |a Fischer, Ottfried. 
710 2 |a Bavaria Film International (Firm) 
710 2 |a Euro Video Bildprogramm (Firm) 
740 0 2 |a Go, Trabi go II. 
994 |a C0  |b TXA 
948 |a cataloged  |b h  |c 2010/4/14  |d c  |e blrosas  |f 8:53:06 am 
999 |a MARS 
999 f f |s d51d825a-5b04-30fb-b9c2-d6f46c2f0269  |i f53b6b98-3ae2-316f-8802-3e11446a0c3a  |t 0 
952 f f |p ric  |a Texas A&M University  |b Rellis Campus  |c Joint Library Facility  |d Remote Storage  |t 0  |e PN1995.9.F67 G63 2004  |h Library of Congress classification  |i video -- videodisc  |m A14839142543 
998 f f |a PN1995.9.F67 G63 2004  |t 0  |l Remote Storage